MDQL
is popping MORE tags! Check the
thread
!
Quizzes
Events
Quiz Creation
Community
Videos
Private Events
Remove Ads
Sign In
Join for FREE
Feedback
Dark Mode
Quiz Categories
Sports
Geography
Music
Movies
Television
Just For Fun
Miscellaneous
History
Literature
Language
Science
Gaming
Entertainment
Religion
Holiday
For Kids
Quiz Lab
Recent
Popular Today
Quiz Kudos Today
Editor Picks
Curator Picks
Quizzes by...
Day
Popularity
Type
Ratings
Length
Year
Community
Subscriptions
Recent Discussions
Orange Saloon
Badges
Playlists
Quests
Create
Leaderboards
Showdown
Live 5
Trivia Bingo
Activity
Puzzle Library
Sporcle Events
Private Events
Virtual Trivia
Globe League
Become a Host
Pub Owners
SporcleCon
Opinionation
Our Games
Videos
Blog
Mobile Apps
Partnerships
Remove Ads and Go Orange
Feedback
Miscellaneous
Crossword
General Knowledge
Baby Names
Logo
Food
Cars
Numbers
Grab Bag
University
College
Popular
Company
Slogans
Restaurants
Justice
Letter
Miscellaneous
Crossword
General Knowledge
Baby Names
Logo
Food
Cars
Numbers
Grab Bag
University
College
Popular
Company
Slogans
Restaurants
Justice
Letter
Random Quiz
Search Sporcle
×
Editor Pick
Editor Pick
Miscellaneous
Letter
Type in answers that appear in a list
Type in answers that appear in a list
Classic
Best Score? Go Orange.
The 'XX' Quiz Stats
Can you name the words, names or terms that contain the letter 'X' twice?
By
rockgolf
10m
20 Questions
961 Plays
961 Plays
961 Plays
Comments
Comments
Give Quiz Kudos
Give Quiz Kudos
-
- Ratings
hide this ad
Replay
Link that replays current quiz
Next Quiz
Link to next quiz in quiz playlist
You Got
0%
They Got
Avg Score
46%
Avg Friend Score
Upgrade to see
Score Distribution
Jump to the score distribution portion of the page
Score
0/20
Timer
10:00
0
Plays Today
XX-Rated Clue
XX-Rated Answer
% Correct
This company, whose name comes from the Greek for 'dry', so dominated the industry that their name became a synonym for photocopying
Xerox
83%
Microsoft's sixth-
generation video game console
Xbox
77.9%
Fajitas are a common menu offering
in this type of restaurant
Tex-Mex
74.9%
In 1972, Standard Oil of New Jersey
was rebranded to this name
Exxon
69.7%
This actual Persian King, known as 'the Great',
is a character in the film '300'
Xerxes
68.7%
Number of the US Highway Route that inspired a song covered by Nat 'King' Cole,
the Rolling Stones and Depeche Mode
Sixty-Six
67.3%
In the Cartesian coordinate system,
this line extends horizontally
X-Axis
60%
In the US, churches have this status,
with regard to the Internal Revenue Service
Tax Exempt
54.2%
Chocolate-
flavored bowel-
stimulating tablets that have been on the market for over 100 years
ex-lax
54.1%
Tradename of Alprazolam, a medication that is used to treat anxiety disorders and panic attacks
Xanax
51.2%
XX-Rated Clue
XX-Rated Answer
% Correct
Patty Duke and this actor/
singer have both received Oscars for playing blind characters
Jamie Foxx
50.2%
In 2005, hackers stole information
on millions of credit cards accounts
from this US department store chain
TJ Maxx
38.4%
Declared dead after a heroin overdose, this Mötley Crüe bassist was revived by cardiac adrenaline injections,
inspiring the song 'Kickstart My Heart'
Nikki Sixx
36.8%
French term that restaurants use to describe a single charge for all courses in a meal,
it's the opposite of 'À la carte'
Prix Fixe
30.6%
Two-
word definition of adultery
Extramarital sex
24%
These secluded seating areas in arenas and stadia, usually held by corporations, are exempt from revenue sharing in the NFL
Luxury Boxes
23.4%
High-
end line of salon hair care products that 'take your hair to the next level' & include Pro-
Mend and Dualiste
Nexxus
17.5%
Author of the jogger's bible 'The Complete Book of Running', he died of a heart attack in 1984. While jogging.
James Fixx
16.1%
In 2004, drug company Merck withdrew this brand-
name pain & arthritis medication over concern of increased heart-
attack risks
Vioxx
15.5%
This Pope, who held office from 1958 to 1963,
is so far the last to qualify for this quiz
John XXIII
14.5%
Quiz Playlist
Details
Report
Send in Message
Add To Playlist
Classic:
Type in answers that appear in a list
Last Updated: Feb 16, 2017
Editor Pick in
Miscellaneous
Quiz Scoreboard
CHALLENGE
Sign Up to Join the Scoreboard
Show All
Scores
Hide
Comments
May contain spoilers
Recently Published
Colored Red Africa Blitz
by spor1
Geography
30s
Find the 'City' Movie
by crazypaving
Movies
60s
5x2 Blitz: Bands
by SL_Kpop136
Music
30s
More to Explore
Quiz From the Vault
Featured Blog Post
14 Easter Pick-up Lines to Find Eggs With
hide this ad
You Might Also Like...
Tags
Letter Quiz
Rated
Term
Twice
Today's Top Quizzes in Miscellaneous
Browse Miscellaneous
hide this ad
Today's Top Quizzes in Letter
Browse Letter
Top Contributed Quizzes in Miscellaneous
1
The JOE quick-fire general knowledge quiz: Day 174
2
5-to-1: Fast Food
3
9x9 Crossword: Disney Movie Titles
4
9x9 Crossword: Charlie and the Chocolate Factory
5
9x9 Crossword: Actors
6
9x9 Crossword: 2022 Movies
7
9x9 Crossword: The Simpsons
8
9x9 Crossword: Pixar Movie Titles
9
The JOE quick-fire general knowledge quiz: Day 173
10
9x9 Crossword: Flags
Explore More
Trending Topics
Harry Potter
Kpop
NBA
Disney
Crossword
Marvel
Anime
Pokémon
WWE
The Office
Soccer
NFL
Song
Puzzle
Country
hide this ad
More By:
rockgolf
Quiz
Plays
Rating
Category
Featured
Created
The Beatles or Rebecca Black?
1,630,194
3.11
Music
May 3, 2011
Harry Potter Safe Cracker
996,465
4.43
Literature
Dec 3, 2010
Progressively Tougher World Capitals
989,656
4.60
Geography
Feb 28, 2010
Big 4 Sports Logos by Letter
902,406
4.10
Sports
Jan 23, 2010
Figure Out the Lyrics III
534,489
4.36
Music
Dec 14, 2009
Go to Creator's Profile
Score Distribution
Quiz Creator Spotlight
rockgolf
Follow
Send a Message
Quizzes Created
-
Created Quiz Play Count
-
More By This Creator
Popular Quizzes Today
1
Colored Red Africa Blitz
2
Find the 'City' Movie
3
5x2 Blitz: Bands
4
Find the US States - No Outlines Minefield
5
The Countries of the World
6
Find the US States
7
US States
8
Find the Countries of Europe - No Outlines Minefield
More Miscellaneous Quizzes
Find the Scrambled Logos
Published
Trending Quizzes
Colored Red Europe Blitz I
Colored Red Europe Blitz II
Colored Red Africa Blitz II
Colored Red Europe Blitz III
Colored Red Africa Blitz III
Recently Updated
How Do You Spell That?
pecheneg
Godzilla Movies
pecheneg
Grab Bag: 4-10 Letters
pecheneg
2024 March Madness Bracket
pecheneg
Famous TV Couples
Peacemaker
Champions League XIs: Real Madrid
pecheneg
Largest US Cities 1790-2010
pecheneg
Rides in Walt Disney World
pecheneg
Most Oscar Losses (Acting)
pecheneg
Beyoncé Albums
pecheneg
Trending Topics
Harry Potter
Marvel
Kpop
NBA
Crossword
Anime
Disney
WWE
Pokémon
NFL
The Office
Country
Song
Soccer
Puzzle
Your Account Isn't Verified!
In order to create a playlist on Sporcle, you need to verify the email address you used during registration. Go to your
Sporcle Settings
to finish the process.
Report this User
Report this user for behavior that violates our
Community Guidelines
.
Details:
Send Report
Go to the Sporcle.com Mobile Site →
Comments